Alle PDC Darts Turniersieger 2017 - Statistiken

Allgemein
  • Dieses Quiz wurde 79 mal gespielt
  • Das Durchschnittsergebnis liegt bei 53 aus 59
Antwortstatistiken
Turnier Land Dartsspieler % Korrekt
World Darts Championship Niederlande Michael van Gerwen
100%
The Masters Niederlande Michael van Gerwen
100%
UK Open Qualifier 4 Niederlande Michael van Gerwen
100%
PDPA Players Championship 6 Niederlande Michael van Gerwen
100%
PDC German Darts Masters Niederlande Michael van Gerwen
100%
PDPA Players Championship 9 Niederlande Michael van Gerwen
100%
Premier League Niederlande Michael van Gerwen
100%
PDC European Matchplay Niederlande Michael van Gerwen
100%
PDC Austrian Darts Open Niederlande Michael van Gerwen
100%
Shanghai Masters Niederlande Michael van Gerwen
100%
US Darts Masters Niederlande Michael van Gerwen
100%
PDC Dutch Darts Masters Niederlande Michael van Gerwen
100%
PDC German Darts Grand Prix Niederlande Michael van Gerwen
100%
PDC European Darts Trophy Niederlande Michael van Gerwen
100%
European Championship Niederlande Michael van Gerwen
100%
World Series Of Darts Finals Niederlande Michael van Gerwen
100%
Grand Slam Of Darts Niederlande Michael van Gerwen
100%
Players Championship Finals Niederlande Michael van Gerwen
100%
UK Open Qualifier 1 Schottland Peter Wright
98%
UK Open Qualifier 3 Schottland Peter Wright
98%
UK Open Qualifier 6 Schottland Peter Wright
98%
UK Open Schottland Peter Wright
98%
PDC German Darts Championship Schottland Peter Wright
98%
PDC German Open Schottland Peter Wright
98%
PDC European Grand Prix Schottland Peter Wright
98%
PDPA Players Championship 11 Schottland Peter Wright
98%
PDC European Darts Open Schottland Peter Wright
98%
PDC International Darts Open Schottland Peter Wright
98%
PDC German Darts Masters World Series Schottland Peter Wright
98%
PDPA Players Championship 2 Schottland Gary Anderson
96%
PDPA Players Championship 10 Schottland Gary Anderson
96%
Dubai Masters Schottland Gary Anderson
96%
PDPA Players Championship 14 Schottland Gary Anderson
96%
Perth Masters Schottland Gary Anderson
96%
PDPA Players Championship 17 Australien Kyle Anderson
96%
Auckland Masters Australien Kyle Anderson
96%
PDC Youth World Championship Belgien Dimitri van den Bergh
93%
World Matchplay England Phil Taylor
93%
Melbourne Masters England Phil Taylor
93%
UK Open Qualifier 2 Australien Simon Whitlock
93%
UK Open Qualifier 5 Australien Simon Whitlock
93%
PDPA Players Championship 4 Australien Simon Whitlock
93%
PDPA Players Championship 7 Nordirland Daryl Gurney
91%
World Grand Prix Nordirland Daryl Gurney
91%
Champions League Of Darts Österreich Mensur Suljovic
89%
PDPA Players Championship 20 Österreich Mensur Suljovic
89%
PDPA Players Championship 22 Wales Jonny Clayton
88%
PDC Gibraltar Darts Trophy England Michael Smith
81%
PDPA Players Championship 5 England Adrian Lewis
77%
PDPA Players Championship 18 England Dave Chisnall
77%
PDPA Players Championship 3 England Rob Cross
75%
PDPA Players Championship 12 England Rob Cross
75%
PDPA Players Championship 19 England Rob Cross
75%
PDPA Players Championship 21 England Rob Cross
75%
PDPA Players Championship 8 England Joe Cullen
51%
PDPA Players Championship 16 England Joe Cullen
51%
PDPA Players Championship 1 England Alan Norris
33%
PDPA Players Championship 13 England Steve Beaton
30%
PDPA Players Championship 15 England Darren Webster
21%
Keine übereinstimmenden Quizze gefunden
Verteilung der Resultate
Anzahl Personen mit jedem Resultat
Perzentil nach korrekt beantworteten Fragen
Ihre Resultats-Entwicklung
Sie haben dieses Quiz noch nicht gespielt